000 00667nam a22002177a 4500
999 _c6495
_d6495
003 OSt
005 20200128121555.0
008 200128b ||||| |||| 00| 0 eng d
020 _a03000539332
040 _c040a
082 _a373
_bECK 1993
100 _4Eckstein, Max A.
245 _aSecondary school examinations:
_bInternational perspectives on policies and practice /
_cMax A. Eckstein, Harold J. Noah
260 _aNew Haven
_bYale university press
_c1993
300 _axi, 283p;
_c15 cm.
504 _aIncludes bibliographical references
650 _2Examinations
650 _2Secondary Schol
700 _aNoah, Harold J
_913355
942 _2ddc
_cO_SHELF